| 000 | 00947 a2200229 4500 | ||
|---|---|---|---|
| 999 |
_c396 _d396 |
||
| 020 | _a9780073370163 (hardcover : alk. paper) | ||
| 020 | _a0073370169 (hardcover) | ||
| 050 | 0 | 0 | _aBF713 |
| 100 | 1 |
_aPapalia, Diane E. _eauthor |
|
| 245 | 1 | 0 |
_aHuman development / _cDiane E. Papalia, Sally Wendkos Olds, Ruth Duskin Feldman. |
| 250 | _a11th ed. | ||
| 264 |
_aBoston: _bMcGrawHill, _c2009 |
||
| 300 |
_a1 v. (various pagings) ; _bcol. ill. ; |
||
| 500 | _aIncludes bibliographical references (p. B1-B92) and indexes. | ||
| 504 | _aIncludes bibliographical references (p. B1-B92) and indexes. | ||
| 650 | 0 | _aDevelopmental psychology. | |
| 650 | 0 | _aDevelopmental psychobiology. | |
| 700 | 1 |
_aOlds, Sally Wendkos. _eauthor |
|
| 700 | 1 |
_aFeldman, Ruth Duskin. _eauthor |
|
| 942 |
_2lcc _cBK _e11th ed. _h713 _iPAP _kBF |
||